| 000 | 00610cam a2200229 4500 | ||
|---|---|---|---|
| 001 | J106702 | ||
| 008 | 000000n1998 000 0 eng u | ||
| 035 | _a(Sirsi) u106702 | ||
| 041 | _aeng | ||
| 050 | _a333.337 | ||
| 110 |
_aDonaldsons _93333 |
||
| 245 | _aDonaldson's retatil research spotlight - 4th quarter 1998. | ||
| 260 |
_aLondon _bDonaldsons _c1998 |
||
| 300 | _a6p. : ill. ; 30cm | ||
| 650 | _aPROPERTY INVESTMENT | ||
| 650 | _aRENT | ||
| 650 | _aRENTAL GROWTH | ||
| 650 | _aRETAIL PROPERTY | ||
| 650 | _aYIELDS | ||
| 690 | _aPROPERTY-COMMERCIAL PROPERTY-RETAIL PROPERTY | ||
| 942 | _n0 | ||
| 999 |
_c100607 _d100607 |
||